000 01313nam0a22003011 4500
001 rc\2313288
005 20250623074411.0
035 _a(NLR Aleph) 006671407
090 _a4991960
_c4991960
100 _a20110829d1977 |||y0rusy50 ca
101 0 _arus
102 _aRU
105 _ay z |||||
200 1 _aНекоторые вопросы кинетической теории химически реагирующей смеси газов
_fС.В. Валландер, Е.А. Нагнибеда, М.А. Рыдалевская
_gЛенингр. гос. ун-т им. А.А. Жданова
210 _aЛенинград
_cИзд-во Ленингр. ун-та
_d1977
215 _a280 с.
_cграф.
_d22
320 _aСписок лит.: с. 265-278 (284 назв.)
606 _aГазовые смеси
_xКинетическая теория
_2rkp
700 1 _aВалландер
_bС.В.
_f1917-1975
_gСергей Васильевич
701 1 _aНагнибеда
_bЕ.А.
_gЕкатерина Алексеевна
701 1 _aРыдалевская
_bМ.А.
_gМария Александровна
801 0 _aRU
_bNLR
_gpsbo
801 1 _aRU
_bELAR
_2rusmarc
852 _aNLR
_j77-5/7868
899 _aRuMoRGB
_jБ 77-11/718
899 _aRuMoRGB
_jБ 77-11/719
942 _cBOOK
980 _aNB